|
|
|
|
| LEADER |
00000naa0a2200000 4500 |
| 001 |
660747 |
| 005 |
20250828164717.0 |
| 035 |
|
|
|a (RuTPU)RU\TPU\network\30732
|
| 035 |
|
|
|a RU\TPU\network\23305
|
| 090 |
|
|
|a 660747
|
| 100 |
|
|
|a 20191017d2018 k y0rusy50 ca
|
| 101 |
0 |
|
|a rus
|
| 102 |
|
|
|a RU
|
| 135 |
|
|
|a drcn ---uucaa
|
| 181 |
|
0 |
|a i
|
| 182 |
|
0 |
|a b
|
| 200 |
1 |
|
|a Анализ и визуализация данных энергоаудита методом агрегирования предпочтений
|f С. В. Муравьев, М. А. Борисова
|
| 203 |
|
|
|a Текст
|c электронный
|
| 225 |
1 |
|
|a Научная визуализация и визуальная аналитика
|
| 300 |
|
|
|a Заглавие с экрана
|
| 320 |
|
|
|a [Библиогр.: с. 157 (12 назв.)]
|
| 330 |
|
|
|a Систематическое проведение энергетических обследований электрических сетей с целью выявления потерьэлектроэнергии – основа энергосбережения и энергоэффективности. В статье предложен основанный наагрегировании предпочтений метод, позволяющий представить большой объем данных инструментальныхобследований расхода энергии на собственные нужды подстанциями в форме компактной интегральной оценкив порядковой шкале, удобной для принятия решений и визуализации. Обсуждается применение предложенногометода для анализа реальных данных энергетического обследования магистральных электрических сетейРоссии.
|
| 463 |
|
|
|t ГрафиКон-2018
|l GraphiCon 2018
|o труды 28-й Международной конференции по компьютерной графике и машинному зрению, Томск, 24-27 сентября, 2018 г.
|v [С. 155-157]
|f Национальный исследовательский Томский политехнический университет ; Томский государственный университет систем управления и радиоэлектроники (ТУСУР)
|d 2018
|
| 610 |
1 |
|
|a электронный ресурс
|
| 610 |
1 |
|
|a труды учёных ТПУ
|
| 610 |
1 |
|
|a агрегирование
|
| 610 |
1 |
|
|a энергосбережение
|
| 610 |
1 |
|
|a обработка данных
|
| 610 |
1 |
|
|a визуализация
|
| 610 |
1 |
|
|a энергоаудит
|
| 700 |
|
1 |
|a Муравьев
|b С. В.
|c специалист в области контрольно-измерительной техники
|c профессор Томского политехнического университета, доктор технических наук
|f 1954-
|g Сергей Васильевич
|3 (RuTPU)RU\TPU\pers\27989
|9 12979
|
| 701 |
|
1 |
|a Борисова
|b М. А.
|c специалист в области информатики и вычислительной техники
|c ассистент Томского политехнического университета
|f 1991-
|g Мария Андреевна
|3 (RuTPU)RU\TPU\pers\42640
|9 21558
|
| 712 |
0 |
2 |
|a Национальный исследовательский Томский политехнический университет
|b Инженерная школа информационных технологий и робототехники
|b Отделение автоматизации и робототехники
|3 (RuTPU)RU\TPU\col\23553
|
| 801 |
|
1 |
|a RU
|b 63413507
|c 20101016
|
| 801 |
|
2 |
|a RU
|b 63413507
|c 20191017
|g RCR
|
| 856 |
4 |
|
|u https://www.graphicon.ru/html/2018/papers/155-157.pdf
|
| 942 |
|
|
|c CF
|